000 01227cam a22002771i 4500
003 SA-RiAUC
005 20241216151223.0
008 241215s2002 su g 000 0 ara c
040 _aSA-JeALM
_bara
_cSA-RiAUC
_erda
082 0 4 _a251.6
_qSA-RiAUC
090 _a251.6
_b س ع د
100 1 _aالسعدي، عبد الرحمن بن ناصر بن عبد الله،
_d1307-1376 هجري
_eمؤلف.
245 1 2 _aرسالة في القواعد الفقهية /
_cعبد الرحمن بن ناصر بن عبد الله السعدي . تحقيق وتعليق ابي محمد اشرف بن عبد المقصود
250 _aالطبعة الأولى.
264 1 _aالرياض :
_bاضواء السلف،
_c2002
300 _a164 صفحة ؛
_c24 سم.
336 _aنص
_btxt
_2rdacontent
_3كتاب
337 _aبدون وسيط
_bn
_2rdamedia
338 _aمجلد
_bnc
_2rdacarrier
490 0 _aمكتبة ابن السعدي ؛
_v9
650 7 _aالقواعد الفقهية
_2aucsh
650 7 _aأصول الفقه الإسلامي
_2aucsh
700 1 _aابن عبدالمقصود، ابو محمد اشرف،
_d1385 هجري-
_eمحقق.
942 _2ddc
_cBOOK
_n0
949 _aSA-JeALM
_d241215
_uosman123
_n1
999 _c3573
_d3573